La acumulación mundial, 1492-1789 / (Record no. 730)

MARC details
000 -CABECERA
campo de control de longitud fija 00551nam a2200181 a 4500
005 - FECHA Y HORA DE LA ÚLTIMA TRANSACCIÓN
campo de control 20250212063730.0
008 - ELEMENTOS DE LONGITUD FIJA--INFORMACIÓN GENERAL
campo de control de longitud fija 991125s1979 mx 000 0 spa u
035 ## - NÚMERO DE CONTROL DEL SISTEMA
Número de control de sistema UPN01000000730
049 ## - COLECCIÓN
Colección CG
050 #4 - SIGNATURA TOPOGRÁFICA DE LA BIBLIOTECA DEL CONGRESO
Número de clasificación HB501
Número de documento/Ítem F7.38
100 1# - ASIENTO PRINCIPAL--NOMBRE PERSONAL
Nombre de persona Frank, André Gunder,
Fechas asociadas al nombre 1929-2005
9 (RLIN) 30938
245 13 - MENCIÓN DE TÍTULO
Título La acumulación mundial, 1492-1789 /
Mención de responsabilidad, etc. Andre Gunder Frank ; tr. Alberto Jiménez.
260 ## - PUBLICACIÓN, DISTRIBUCIÓN, ETC.
Lugar de publicación, distribución, etc. México :
Nombre del editor, distribuidor, etc. Siglo XXI,
Fecha de publicación, distribución, etc. 1979.
300 ## - DESCRIPCIÓN FÍSICA
Extensión 286 p.
500 ## - NOTA GENERAL
Nota general Disponible en la Colección Medina
650 #4 - ASIENTO SECUNDARIO DE MATERIA - TERMINO TEMATICO
Término de materia o nombre geográfico como elemento de entrada Capitalismo
Subdivisión general Historia
9 (RLIN) 6564
905 ## - TIPO DE MATERIAL
Tipo de material Libro
Holdings
Estado de retiro Estado de pérdida Fuente del sistema de clasificación o colocación Estado dañado No para préstamo Código de colección Localización permanente Ubicación/localización actual Ubicación en estantería Fecha de adquisición Clasificación Código de barras Fecha visto por última vez Número de copia Tipo de ítem Koha
    Library of Congress Classification   Disponible (Préstamo en sala) Colección Medina Bib. Gregorio Torres Quintero Bib. Gregorio Torres Quintero Colecciones especiales Planta alta 30/01/2023 HB501 F7.38 102256 31/12/2020 1 Libro